Welcome to the Holygrace Academy Library

Please use search bar below to get started

GOOSEBUMPS THE4 HAUNTED MASK (Record no. 7648)

MARC details
000 -LEADER
fixed length control field 00201nam a22000977a 4500
082 ## - DEWEY DECIMAL CLASSIFICATION NUMBER
Classification number 823
Item number STI/G
100 ## - MAIN ENTRY--AUTHOR NAME
Personal name STINE, R L
245 ## - TITLE STATEMENT
Title GOOSEBUMPS THE4 HAUNTED MASK
650 ## - SUBJECT ADDED ENTRY--TOPICAL TERM
Topical Term ENGLISH STORY
942 ## - ADDED ENTRY ELEMENTS (KOHA)
Koha item type Books
Holdings
Withdrawn status Lost status Collection code Home library Current library Date acquired Full call number Accession Number Koha item type
Withdrawn Damaged Item Fiction Main Library Main Library 05/02/2019 823 STI/G 11036 Books